LEADER 01114nam0-2200361li-450 001 990000268840203316 005 20180312154755.0 010 $a0-201-52578-X 035 $a0026884 035 $aUSA010026884 035 $a(ALEPH)000026884USA01 035 $a0026884 100 $a20001109d1990----km-y0itay0103----ba 101 0 $aeng 102 $aUS 200 1 $aSystem software$ean introduction to systems programming$fLeland L. Beck 205 $a2nd ed 210 $aReading (Mass.) [etc.]$cAddison-Wesley Publishing Company$dcopyr. 1990 215 $aXVI, 480 p.$cill.$d24 cm 610 1 $aprogrammazione di sistema (informatica) 676 $a00542$9Programmazione di sistema 700 1$aBeck,$bLeland L.$0753366 801 $aSistema bibliotecario di Ateneo dell' Università di Salerno$gRICA 912 $a990000268840203316 951 $a005.42 BEC$b0001753 959 $aBK 969 $aTEC 979 $c19920519 979 $c20001110$lUSA01$h1716 979 $c20020403$lUSA01$h1635 979 $aPATRY$b90$c20040406$lUSA01$h1619 996 $aSystem software$91515500 997 $aUNISA LEADER 01321nlm 2200289 450 001 996407850203316 005 20210323101417.0 010 $a1-107-69356-X 100 $a20140812h2014---- uy 0 101 0 $aeng 102 $aUK 135 $adrcnu 200 1 $aAztecs$ean interpretation$fInga Clendinnen 205 $aCanto Classics edition. 210 1 $aCambridge$cCambridge University Press$d2014 215 $aTesto elettronico (PDF) (XVII, [2] carte geografiche, 554 p., [32] p. di tav. : ill.) 230 $aBase dati testuale 330 $aInga Clendinnen crea un'immagine vivida e drammatica della vita nella città azteca di Tenochtitlan, un tempo centro nevralgico dell'impero tributo azteco. Esplora i mondi delle donne azteche, dei sacerdoti e dei guerrieri, in una straordinaria ricreazione della vita quotidiana in città. Mettendo in contrasto la bellezza e la raffinatezza della cultura azteca con la ferocia del sacrificio umano, tenta di spiegare la filosofia, i rituali e le strutture sociali che sono alla base di questo straordinario impero. 606 0 $aAztechi$xCiviltà$2BNCF 676 $a972.018 700 1$aCLENDINNEN,$bInga$0772946 801 0$bcba$aIT$bcba$gREICAT 912 $a996407850203316 959 $aEB 969 $aER 996 $aAztecs$91768826 997 $aUNISA LEADER 01842oam 2200505M 450 001 9910716313203321 005 20200213070633.2 035 $a(CKB)5470000002521007 035 $a(OCoLC)1066033416 035 $a(OCoLC)995470000002521007 035 $a(EXLCZ)995470000002521007 100 $a20071213d1926 ua 0 101 0 $aeng 135 $aurcn||||||||| 181 $ctxt$2rdacontent 182 $cc$2rdamedia 183 $acr$2rdacarrier 200 10$aBridge across Red River near Fulton, Ark. January 16 (calendar day, January 23), 1926. -- Ordered to be printed 210 1$a[Washington, D.C.] :$c[U.S. Government Printing Office],$d1926. 215 $a1 online resource (2 pages) 225 1 $aSenate report / 69th Congress, 1st session. Senate ;$vno. 89 225 1 $a[United States congressional serial set ] ;$v[serial no. 8524] 300 $aBatch processed record: Metadata reviewed, not verified. Some fields updated by batch processes. 300 $aFDLP item number not assigned. 517 $aBridge across Red River near Fulton, Ark. January 16 606 $aBridge construction industry 606 $aBridges$xDesign and construction 606 $aBridges 606 $aConstruction industry 608 $aLegislative materials.$2lcgft 615 0$aBridge construction industry. 615 0$aBridges$xDesign and construction. 615 0$aBridges. 615 0$aConstruction industry. 701 $aBingham$b Hiram$f1875-1956$pRepublican (CT)$0463205 801 0$bWYU 801 1$bWYU 801 2$bOCLCO 801 2$bOCLCQ 801 2$bOCLCO 801 2$bOCLCQ 906 $aBOOK 912 $a9910716313203321 996 $aBridge across Red River near Fulton, Ark. January 16 (calendar day, January 23), 1926. -- Ordered to be printed$93439026 997 $aUNINA